Mort subite - ttop 10 pays comportant le plus grand % de gays - Statistiques

Statistiques générales
  • Ce quiz a été pris 363 fois
  • Le résultat moyen est 5 sur 10
Answers on the Grid
Answers color-coded by a green-red scale on the quiz's grid according to % correct below.
France
Antigua et barbuda
Inde
Brésil
Espagne
Kosovo
Suisse
Royaume-Uni
Pays Bas
Etats Unis
Croatie
Canada
Thailande
Suède
Guts
 
Statistiques - réponses
Réponse % Correct
Etats Unis
67%
Brésil
61%
Canada
60%
Thailande
55%
Pays Bas
53%
Espagne
52%
Royaume-Uni
50%
Suède
38%
Inde
36%
Suisse
34%
Aucun quiz correspondant
Distribution des résultats
% des personnes avec chaque résultat
Percentile par nombre de réponses
Votre historique - résultats
Vous n’avez pas pris ce quiz